The Latin American competitiveness report, 2001-2002 (Record no. 213980)

MARC details
000 -CABECERA
campo de control de longitud fija 00841nam a22002417a 4500
003 - IDENTIFICADOR DEL NÚMERO DE CONTROL
campo de control MX-MxUPN
005 - FECHA Y HORA DE LA ÚLTIMA TRANSACCIÓN
campo de control 20250905063955.0
008 - ELEMENTOS DE LONGITUD FIJA--INFORMACIÓN GENERAL
campo de control de longitud fija 250904s2002 xxu||||fr|||| 000 0 eng d
020 ## - NÚMERO INTERNACIONAL NORMALIZADO PARA LIBROS
Número Internacional Estándar del Libro 0195152565
040 ## - FUENTE DE LA CATALOGACIÓN
Centro catalogador/agencia de origen MX-MxUPN
Lengua de catalogación spa
Centro/agencia transcriptor MX-MxUPN
041 0# - CÓDIGO DE IDIOMA
Código de lengua del texto/banda sonora o título independiente eng
050 14 - SIGNATURA TOPOGRÁFICA DE LA BIBLIOTECA DEL CONGRESO
Número de clasificación HF1414
Número de documento/Ítem L3 2002
245 14 - MENCIÓN DE TÍTULO
Título The Latin American competitiveness report, 2001-2002
260 ## - PUBLICACIÓN, DISTRIBUCIÓN, ETC.
Lugar de publicación, distribución, etc. New York :
Nombre del editor, distribuidor, etc. World Economic Forum :
-- Oxford University Press,
Fecha de publicación, distribución, etc. 2002
300 ## - DESCRIPCIÓN FÍSICA
Extensión 213 páginas
500 ## - NOTA GENERAL
Nota general En portada: "World Economic Forum, Geneva, Switzerland, 2001"
650 #4 - ASIENTO SECUNDARIO DE MATERIA - TERMINO TEMATICO
Término de materia o nombre geográfico como elemento de entrada Competencia económica
Subdivisión geográfica América Latina
9 (RLIN) 10730
651 #4 - ASIENTO SECUNDARIO DE MATERIA - NOMBRE GEOGRAFICO
Nombre geográfico América Latina
Subdivisión general Condiciones económicas
9 (RLIN) 2747
700 1# - ASIENTO SECUNDARIO--NOMBRE DE PERSONAL
Nombre de persona Vial, Joaquín
Término indicativo de función/relación edición
9 (RLIN) 57614
700 ## - ASIENTO SECUNDARIO--NOMBRE DE PERSONAL
Nombre de persona Cornelius, Peter k.
Término indicativo de función/relación edición
9 (RLIN) 57615
902 ## - ELEMENTOS DE DATOS B LOCAL, LDB (RLIN)
Creó Berenice Martínez/040925
942 ## - ELEMENTOS DE PUNTO DE ACCESO ADICIONAL (KOHA)
Fuente del sistema de clasificación o colocación Library of Congress Classification
Tipo de ítem Koha Libro
Holdings
Estado de retiro Estado de pérdida Fuente del sistema de clasificación o colocación Estado dañado No para préstamo Código de colección Localización permanente Ubicación/localización actual Ubicación en estantería Fecha de adquisición Total de préstamos Clasificación Código de barras Fecha visto por última vez Precio válido a partir de Tipo de ítem Koha Nota pública
    Library of Congress Classification   Disponible (Préstamo en sala) UNESCO Bib. Gregorio Torres Quintero Bib. Gregorio Torres Quintero Colecciones especiales Planta alta 04/09/2025   HF1414 L3 2002 U13125 04/09/2025 04/09/2025 Libro Nota manuscrita en portada y testigo en página 63